000 00327nam a22001337a 4500
999 _c4262
_d4262
008 200728b ||||| |||| 00| 0 eng d
100 _9548
_aTaylor, J. E.
245 1 0 _aEngineer design
_cby J. E. Taylor
260 _aLondon
_bPitman
_c1950
300 _a220 p.
365 _d13.08
650 0 _aEngineering design
942 _cBK